Sports Quiz

Random Sports or Baseball Quiz

MLB 2014 World Series: San Francisco vs. Kansas City Quiz Stats

 Plays Quiz Updated Oct 29, 2015

Score 0/30 Timer 05:00
2 Plays Today
Team Answers % Correct
San FranciscoGiants
95.6%
Kansas CityRoyals
93%
San Francisco2012
79.3%
San FranciscoBuster Posey (2012)
74.1%
San FranciscoBuster Posey (22)
74.1%
Kansas City1985
72.5%
San FranciscoAT&T Park
70.6%
San FranciscoMadison Bumgarner (18)
70.5%
San FranciscoMadison Bumgarner
70.5%
San FranciscoBruce Bochy
66.8%
San FranciscoTim Lincecum (2009)
66.6%
Kansas CityKauffman Stadium
65.6%
San FranciscoDetroit Tigers
64.8%
Kansas CityLorenzo Cain
64.5%
Kansas CityGeorge Brett (1980)
64.3%
Team Answers % Correct
Kansas CityNed Yost
63.6%
San FranciscoPablo Sandoval
61.9%
Kansas CitySt. Louis Cardinals
59.2%
Kansas CityJames Shields (14)
56.7%
Kansas CityAlex Gordon (19)
53.7%
San FranciscoHunter Pence (180)
52.5%
San FranciscoSergio Romo (23)
47.2%
Kansas CityGreg Holland (46)
45.5%
Kansas CityZack Greinke (2009)
43.1%
San FranciscoGregor Blanco and Ángel Pagán (16)
39.9%
Kansas CityAlcides Escobar (165)
38.9%
Kansas CityJarrod Dyson (36)
37.9%
Kansas CityBret Saberhagen
36.2%
San FranciscoBrian Sabean
26.4%
Kansas CityDayton Moore
20.9%

You're not logged in!

Compare scores with friends on all Sporcle quizzes.
OR
Log In

You Might Also Like...

Show Comments

Extras

Top Quizzes Today


Score Distribution

Your Account Isn't Verified!

In order to create a playlist on Sporcle, you need to verify the email address you used during registration. Go to your Sporcle Settings to finish the process.

Report this User

Report this user for behavior that violates our Community Guidelines.

Details: